Imagen, lenguaje e ideología. Aproximaciones desde la historia y la teoría del arte.

Sparad:
Bibliografiska uppgifter
Huvudupphovsman: Río, Víctor del (coordinador)
Övriga upphovsmän: Santamaría, Alberto (coordinador)
Materialtyp: Okänd
Språk:engelska
Publicerad: Madrid, España: Ediciones Akal, 2023.
Ämnen:
Taggar: Lägg till en tagg
Inga taggar, Lägg till första taggen!

MARC

LEADER 00000 a2200000 4500
003 CL-VaPUC
005 20240327093145.0
008 240306t2023 ||||| |||| 00| 0 eng d
999 |c 443103  |d 443101 
020 |a 978-84-460-5312-5 
040 |c Pontificia Universidad Católica de Valparaíso 
082 |2 22  |a 704.9014 RIO 2023 
100 |a Río, Víctor del   |9 887525  |e coordinador  
245 |a Imagen, lenguaje e ideología.   |b Aproximaciones desde la historia y la teoría del arte. 
260 |a Madrid, España:  |b Ediciones Akal,  |c 2023. 
300 |a 266 páginas. 
583 |k GC  |c 20240306 
650 0 |9 389928  |a Análisis de la imagen   |v Aspectos sociales y filosóficos  
650 0 |9 311402  |a Imagen  |v Análisis del lenguaje   |x Historia del arte 
700 |9 887553  |a Santamaría, Alberto   |e coordinador  
942 |2 ddc  |c BK 
952 |0 0  |1 0  |2 ddc  |4 0  |6 704_901400000000000_RIO_2023  |7 0  |8 A  |9 593574  |a BIBHIS  |b BIBHIS  |c GEN  |d 2024-03-06  |e 13  |g 18635.00  |i 5660296  |o 704.9014 RIO 2023  |p 5660296  |r 2024-03-06  |t 1  |v 18635.00  |w 2024-03-06  |y BK  |k HIS